00475 a2200145 4500003000900000005001700009008004100026040001300067245005900080250001100139260002000150300001900170490000700189520013300196IT-RoPau20220918175943.0130228b xxu||||| |||| 00| 0 eng d cIT-RoPau aConstitutiones Piae Societatis a Sancto Paulo Apostolo a1° ed aRomabSSPc1950 a190 pp.c18 cm aEP aIndex Pars prima De fine et membris societatis Pars secunda De vita et operibus societatis Pars tertia De regimine societatis